Elements of power system Analysis (Record no. 17272)
[ view plain ]
| 000 -LEADER | |
|---|---|
| fixed length control field | 00407nam a2200169Ia 4500 |
| 003 - CONTROL NUMBER IDENTIFIER | |
| control field | OSt |
| 005 - DATE AND TIME OF LATEST TRANSACTION | |
| control field | 20240215103614.0 |
| 008 - FIXED-LENGTH DATA ELEMENTS--GENERAL INFORMATION | |
| fixed length control field | 170619s9999 xx 000 0 und d |
| 020 ## - INTERNATIONAL STANDARD BOOK NUMBER | |
| International Standard Book Number | 9780070665842 |
| 040 ## - CATALOGING SOURCE | |
| Transcribing agency | IIMT ENGINEERING COLLEGE |
| 100 ## - MAIN ENTRY--PERSONAL NAME | |
| Personal name | Stevenson- W D Jr. |
| 245 #0 - TITLE STATEMENT | |
| Title | Elements of power system Analysis |
| 260 ## - PUBLICATION, DISTRIBUTION, ETC. | |
| Name of publisher, distributor, etc. | Mc Graw Hill |
| 260 ## - PUBLICATION, DISTRIBUTION, ETC. | |
| Date of publication, distribution, etc. | 1982 |
| 546 ## - LANGUAGE NOTE | |
| Language note | ENGLISH |
| 942 ## - ADDED ENTRY ELEMENTS (KOHA) | |
| Source of classification or shelving scheme | |
| Koha item type | Book Bank |
| Withdrawn status | Lost status | Source of classification or shelving scheme | Damaged status | Not for loan | Home library | Current library | Date acquired | Source of acquisition | Total Checkouts | Barcode | Date last seen | Price effective from | Koha item type | Date last checked out |
|---|---|---|---|---|---|---|---|---|---|---|---|---|---|---|
| IIMT Engineering College-BTech | IIMT Engineering College-BTech | 08/23/2004 | 1 | 06-B-9961 | 07/03/2017 | 07/03/2017 | Text-Book- for 7 days | |||||||
| IIMT Engineering College-BTech | IIMT Engineering College-BTech | 08/23/2004 | 1 | 3 | 06-B-9962 | 09/23/2020 | 07/03/2017 | Book Bank | 03/06/2020 | |||||
| IIMT Engineering College-BTech | IIMT Engineering College-BTech | 08/23/2004 | 1 | 06-B-9963 | 07/03/2017 | 07/03/2017 | Text-Book- for 7 days | |||||||
| IIMT Engineering College-BTech | IIMT Engineering College-BTech | 08/23/2004 | 1 | 06-B-9964 | 07/03/2017 | 07/03/2017 | Text-Book- for 7 days | |||||||
| IIMT Engineering College-BTech | IIMT Engineering College-BTech | 08/23/2004 | 1 | 06-B-9965 | 07/03/2017 | 07/03/2017 | Text-Book- for 7 days |

